000 00303nam a22001337a 4500
020 _a978-0442205157
041 _aENG
100 _aBrooker.B.D
245 _aDrying And Storage Of Grains And Oilseeds
260 _aNew Delhi
_bCBS Pub
_c1997
300 _a450
650 _aAPE
856 _uAPE ( 10 )
999 _c1784
_d1784